Quiz Brasil - Statistics

Estatísticas Gerais
  • Esse quiz foi jogado 145 vezes
  • A pontuação média é 7 de 15
Estatísticas das Respostas
Questão Resposta % Correto
Em quais anos o Brasil foi campeão do mundo? 1958, 1962, 1970, 1994 e 2002
80%
pra quem o Brasil perdeu a final da copa de 1950? uruguai
80%
Quantas vezes o Brasil chegou a final da copa? 7
60%
quais foram os 2 desfalques do Brasil pro jogo contra a Alemanha em 2014? (7x1) Neymar e thiago Silva
60%
Qual dupla nunca perdeu um jogo jogando juntos pela seleção? Pele e Garrincha
60%
quem fez o gol do Brasil na eliminação pra Holanda em 2010 Robinho
60%
Quem é o maior artilheiro brasileiro em copas? Ronaldo
60%
Quantos gols Ronaldinho Gaúcho fez na copa de 2006? 0
40%
Quais foram os 3 goleiros em 2006? Dida, Ceni e J. Cesar
40%
quem fez o gol brasileiro contra a Bélgica na ultima copa Renato Augusto
40%
Quem foi o camisa 10 na copa América de 2019? Willian
40%
quem fez o gol que eliminou o Brasil na copa de 2006? henry
20%
quem é o maior artilheiro da historia da seleção? pele
20%
Quem fez o terceiro gol na final da copa América 2019? Richarlison
20%
Quem foi expulso na fase de grupos de 2010 contra a costa do marfim? Kaka
0%
Nenhum quiz correspondente encontrado
Distribuição das Pontuações
Porcentagem de Pessoas com Cada Pontuação
Percentil de Números Respondidos
Sua Pontuação Histórica
Você não jogou esse quiz